000 00874cam a22002414a 4500
001 12040199
005 20180221084558.0
008 000614s2001 nju b 001 0 eng
010 _a 00056119
020 _a0137692331
040 _aDLC
_cDLC
_dDLC
041 _aeng
042 _apcc
080 _a174..2 SAM
082 0 0 _a174..2 SAM
_221
100 1 _a4
101 _aSHM
245 1 0 _aEthical, legal, and professional issues in the practice of marriage and family therapy /
_cSamuel T. Gladding, Theodore P. Remley, Jr., Charles H. Huber.
504 _aIncludes bibliographical references (p. 315-337) and indexes.
906 _a7
_bcbc
_corignew
_d1
_eocip
_f20
_gy-gencatlg
942 _2ddc
_cBK
999 _c43070
_d43070